API (Record no. 114923)

MARC details
000 -LEADER
fixed length control field 01209cad a22001935a 4500
001 - CONTROL NUMBER
control field L157688
008 - FIXED-LENGTH DATA ELEMENTS--GENERAL INFORMATION
fixed length control field 130228s2013 xxk f 000 0 eng d
035 ## - SYSTEM CONTROL NUMBER
System control number (Sirsi) u157688
041 0# - LANGUAGE CODE
Language code of text/sound track or separate title eng
110 2# - MAIN ENTRY--CORPORATE NAME
Corporate name or jurisdiction name as entry element United Kingdom
Subordinate unit Department for Environment, Food and Rural Affairs
245 00 - TITLE STATEMENT
Title API
Remainder of title Index of the purchase prices of the means of agricultural production
-- December 2012
Medium [electronic resource]
260 ## - PUBLICATION, DISTRIBUTION, ETC.
Place of publication, distribution, etc. London
Name of publisher, distributor, etc. DEFRA
Date of publication, distribution, etc. 2013
520 ## - SUMMARY, ETC.
Summary, etc. The Agricultural Price Index (API) is a monthly publication that measures the monthly price changes in agricultural outputs and inputs for the UK. Information is collected for all major crops and on livestock and livestock products. The December price index for all agricultural outputs fell by 0.4% on November but this is 11.8% higher than the same time last year. The index for all agricultural inputs rose by 3.2% on the month and is 5.4% up on December 2012.
590 ## - LOCAL NOTE (RLIN)
Local note KA
651 #4 - SUBJECT ADDED ENTRY--GEOGRAPHIC NAME
Geographic name United Kingdom
690 ## - LOCAL SUBJECT ADDED ENTRY--TOPICAL TERM (OCLC, RLIN)
Topical term or geographic name as entry element Rural
9 (RLIN) 6268
856 40 - ELECTRONIC LOCATION AND ACCESS
Uniform Resource Identifier <a href="https://www.gov.uk/government/uploads/system/uploads/attachment_data/file/89349/defra-stats-foodfarm-farmgate-api-statsnotice-130214.pdf">https://www.gov.uk/government/uploads/system/uploads/attachment_data/file/89349/defra-stats-foodfarm-farmgate-api-statsnotice-130214.pdf</a>
Public note View the price index free of charge at www.gov.uk
942 ## - ADDED ENTRY ELEMENTS (KOHA)
Suppress in OPAC 0
Holdings
Withdrawn status Lost status Source of classification or shelving scheme Damaged status Not for loan Home library Current library Shelving location Date acquired Total Checkouts Full call number Barcode Date last seen Copy number Price effective from Koha item type
    Dewey Decimal Classification     London London Online 28/02/2013   ONLINE PUBLICATION 157688-1001 06/08/2019 1 06/08/2019 Book